00309nam a2200109Ia 4500008004100000082000900041100004200050245003300092260000800125630003300133730003300166100328s9999 xx 000 0 und d b6362 aवकील व्यंकटेश aतिसरे सत्य b--- aतिसरे सत्य aतिसरे सत्य